Harriet Tubman / (Record no. 5609)

MARC details
000 -LEADER
fixed length control field 01061nam a22003137a 4500
001 - CONTROL NUMBER
control field 5609
003 - CONTROL NUMBER IDENTIFIER
control field FISKH
005 - DATE AND TIME OF LATEST TRANSACTION
control field 20241220104104.0
008 - FIXED-LENGTH DATA ELEMENTS--GENERAL INFORMATION
fixed length control field 241220b cb ||||| |||| 00| 0 eng d
020 ## - INTERNATIONAL STANDARD BOOK NUMBER
International Standard Book Number 9780545484367
040 ## - CATALOGING SOURCE
Original cataloging agency FISKH
Language of cataloging eng
Transcribing agency FISKH
Modifying agency FISKH
050 ## - LIBRARY OF CONGRESS CALL NUMBER
Classification number E444.T82
082 ## - DEWEY DECIMAL CLASSIFICATION NUMBER
Classification number 306.362092
100 ## - MAIN ENTRY--PERSONAL NAME
Personal name Norwich, Grace
245 ## - TITLE STATEMENT
Title Harriet Tubman /
Statement of responsibility, etc. By Grace Norwich : Illustrated by Ute Simon
250 ## - EDITION STATEMENT
Edition statement First printing, January 2013
260 ## - PUBLICATION, DISTRIBUTION, ETC.
Place of publication, distribution, etc. New York :
Name of publisher, distributor, etc. Scholastic ;
Date of publication, distribution, etc. 2013 .
300 ## - PHYSICAL DESCRIPTION
Extent 127 pages :
Other physical details illustrations ;
Dimensions 20 cm .
490 ## - SERIES STATEMENT
Series statement I am
Volume/sequential designation Book 6
505 ## - FORMATTED CONTENTS NOTE
Formatted contents note Z <br/>
520 ## - SUMMARY, ETC.
Summary, etc. An introduction to the life of the civil rights heroine and suffrage activist describes how she repeatedly risked her life to save dozens of slaves and became an equal rights icon in post-Civil War.
521 8# - TARGET AUDIENCE NOTE
Target audience note 1060 <br/>
Source Lexile <br/>
521 8# - TARGET AUDIENCE NOTE
Target audience note Z <br/>
Source Raz-Plus <br/>
650 ## - SUBJECT ADDED ENTRY--TOPICAL TERM
Topical term or geographic name entry element civil rights
Form subdivision Non-fiction
650 ## - SUBJECT ADDED ENTRY--TOPICAL TERM
Topical term or geographic name entry element slavery
Form subdivision Non-fiction
700 ## - ADDED ENTRY--PERSONAL NAME
Personal name Simon, Ute
Relator term illustrator
942 ## - ADDED ENTRY ELEMENTS (KOHA)
Source of classification or shelving scheme Dewey Decimal Classification
Koha item type Books
Suppress in OPAC No
Holdings
Withdrawn status Lost status Source of classification or shelving scheme Damaged status Not for loan Collection Home library Current library Shelving location Date acquired Total Checkouts Full call number Barcode Date last seen Price effective from Koha item type
    Dewey Decimal Classification     Non-Fiction Footprints International School Library Network Toul Kork Campus Footprints International School Library Network Toul Kork Campus TTP Secondary Non-Fiction Bookshelves 12/20/2024   NOR 306.362092 E444.T82 FISSE02593 12/20/2024 12/20/2024 Books